<?xml version='1.0' encoding='UTF-8'?>
  <record xmlns="http://www.loc.gov/MARC21/slim">
    <leader>00000ctm a22000007i 4500</leader>
    <controlfield tag="001">on1041934149</controlfield>
    <controlfield tag="003">OCoLC</controlfield>
    <controlfield tag="005">20250926134757.4</controlfield>
    <controlfield tag="008">180626q15uu16uune            000 0 lat d</controlfield>
    <datafield tag="040" ind1=" " ind2=" ">
      <subfield code="a">QGJ</subfield>
      <subfield code="b">eng</subfield>
      <subfield code="e">rda</subfield>
      <subfield code="c">QGJ</subfield>
      <subfield code="d">OCLCQ</subfield>
      <subfield code="d">OCLCO</subfield>
      <subfield code="d">OCLCQ</subfield>
      <subfield code="d">QGJ</subfield>
      <subfield code="d">OCLCL</subfield>
    </datafield>
    <datafield tag="035" ind1=" " ind2=" ">
      <subfield code="a">(OCoLC)1041934149</subfield>
    </datafield>
    <datafield tag="100" ind1="1" ind2=" ">
      <subfield code="a">Buchell, Arend van,</subfield>
      <subfield code="d">1565-1641,</subfield>
      <subfield code="e">author.</subfield>
      <subfield code="4">aut</subfield>
      <subfield code="1">https://id.oclc.org/worldcat/entity/E39PBJvt97kGgrhYc6wBHv6BT3</subfield>
    </datafield>
    <datafield tag="245" ind1="1" ind2="0">
      <subfield code="a">Catalogus librorum suorum, in classes distributorum /</subfield>
      <subfield code="c">Arn. Buchelius,</subfield>
      <subfield code="f">UBU Hs. 846 (Hs 6 H 20).</subfield>
    </datafield>
    <datafield tag="264" ind1=" " ind2="0">
      <subfield code="a">[Utrecht],</subfield>
      <subfield code="c">[between approximately 1590 and 1641]</subfield>
    </datafield>
    <datafield tag="300" ind1=" " ind2=" ">
      <subfield code="a">167 leaves ;</subfield>
      <subfield code="c">142 x 100 mm</subfield>
    </datafield>
    <datafield tag="336" ind1=" " ind2=" ">
      <subfield code="a">text</subfield>
      <subfield code="b">txt</subfield>
      <subfield code="2">rdacontent</subfield>
    </datafield>
    <datafield tag="337" ind1=" " ind2=" ">
      <subfield code="a">unmediated</subfield>
      <subfield code="b">n</subfield>
      <subfield code="2">rdamedia</subfield>
    </datafield>
    <datafield tag="338" ind1=" " ind2=" ">
      <subfield code="a">volume</subfield>
      <subfield code="b">nc</subfield>
      <subfield code="2">rdacarrier</subfield>
    </datafield>
    <datafield tag="340" ind1=" " ind2=" ">
      <subfield code="a">Paper</subfield>
    </datafield>
    <datafield tag="500" ind1=" " ind2=" ">
      <subfield code="a">Title derived from: P.A. Tiele, Catalogus codicum manu scriptorum Bibliothecae Universitatis Rheno-Trajectinae.</subfield>
    </datafield>
    <datafield tag="500" ind1=" " ind2=" ">
      <subfield code="a">Fol. 77 after restoration bound behind fol. 167.</subfield>
    </datafield>
    <datafield tag="524" ind1="8" ind2=" ">
      <subfield code="a">Cite as: Universiteitsbibliotheek Utrecht Hs. 846 (Hs 6 H 20).</subfield>
    </datafield>
    <datafield tag="563" ind1=" " ind2=" ">
      <subfield code="a">Modern (1981) parchment binding.</subfield>
    </datafield>
    <datafield tag="581" ind1=" " ind2=" ">
      <subfield code="a">P.A. Tiele, Catalogus codicum manu scriptorum Bibliothecae Universitatis Rheno-Trajectinae. I. Trajecti ad Rhenum / Hagae Comitis 1887. P. 218</subfield>
    </datafield>
    <datafield tag="581" ind1=" " ind2=" ">
      <subfield code="a">A. Buchelius, Notae quotidianae van Aernout van Buchell. Uitg. door J.W.C. van Campen. Utrecht 1940. (= Werken uitgegeven door het Historisch Genootschap, Ser. 3, nr. 70). p. XIII nt. 1.</subfield>
    </datafield>
    <datafield tag="581" ind1=" " ind2=" ">
      <subfield code="a">J. Pollmann, Een andere weg naar God. De reformatie van Arnoldus Buchelius (1565-1641). Amsterdam 2000 (ook verschenen als proefschrift UvA: Another road to God, [s.n] 1998, ook verschenen als: Religious choice in the Dutch Republic. The reformation of Arnoldus Buchelius (1565-1641), Manchester 1999). p. 129 nt. 6.</subfield>
    </datafield>
    <datafield tag="581" ind1=" " ind2=" ">
      <subfield code="a">J. Schlueter, 'Sleuthing de Witt's Swan. New (and old) directions for research', p. 14.</subfield>
    </datafield>
    <datafield tag="583" ind1=" " ind2=" ">
      <subfield code="a">Restoration;</subfield>
      <subfield code="c">198105</subfield>
    </datafield>
    <datafield tag="650" ind1=" " ind2="7">
      <subfield code="a">Book collecting.</subfield>
      <subfield code="2">fast</subfield>
      <subfield code="0">(OCoLC)fst00836132</subfield>
    </datafield>
    <datafield tag="650" ind1=" " ind2="7">
      <subfield code="a">Library catalogs.</subfield>
      <subfield code="2">fast</subfield>
      <subfield code="0">(OCoLC)fst00997669</subfield>
    </datafield>
    <datafield tag="650" ind1=" " ind2="7">
      <subfield code="a">Private libraries.</subfield>
      <subfield code="2">fast</subfield>
      <subfield code="0">(OCoLC)fst01077516</subfield>
    </datafield>
    <datafield tag="710" ind1="2" ind2=" ">
      <subfield code="a">Utrechts Archief,</subfield>
      <subfield code="e">former owner.</subfield>
      <subfield code="4">fmo</subfield>
      <subfield code="1">https://id.oclc.org/worldcat/entity/E39QQPVp7WprXvJp94kFj8Cq6g</subfield>
    </datafield>
    <datafield tag="710" ind1="2" ind2=" ">
      <subfield code="a">Universiteit Utrecht.</subfield>
      <subfield code="b">Bibliotheek.</subfield>
      <subfield code="k">Manuscript</subfield>
      <subfield code="n">Hs. 846 (Hs 6 H 20)</subfield>
    </datafield>
    <datafield tag="758" ind1=" " ind2=" ">
      <subfield code="i">has work:</subfield>
      <subfield code="a">UBU Hs. 846 (Hs 6 H 20) Catalogus librorum suorum, in classes distributorum (Text)</subfield>
      <subfield code="1">https://id.oclc.org/worldcat/entity/E39PCGtgJrghMpP7WDcXRCCyBd</subfield>
      <subfield code="4">https://id.oclc.org/worldcat/ontology/hasWork</subfield>
    </datafield>
  </record>